000 02714cam a2200433 i 4500
001 18991484
003 NUST
005 20221214144509.0
008 160226s2016 dcu b 001 0 eng
010 _a 2015046468
020 _a978-93-5264-019-5
020 _a9780815728337 (alk. paper : hardback)
040 _aDLC
_beng
_cDLC
_erda
_dDLC
042 _apcc
043 _aas-----
_an-us---
050 0 0 _aDS341
_b.C59 2016
082 0 0 _a307.72,COH
_223
084 _aPOL012000
_aPOL001000
_2bisacsh
100 1 _aCohen, Stephen P.,
_d1936-
_eauthor.
_9104851
245 1 4 _aThe South Asia papers :
_ba critical anthology of writings /
_cby Stephen Philip Cohen.
264 1 _aWashington, D.C. :
_bBrookings Institution Press,
_c[2016]
300 _axii, 384 pages ;
_c24 cm
336 _atext
_btxt
_2rdacontent
337 _aunmediated
_bn
_2rdamedia
338 _avolume
_bnc
_2rdacarrier
505 0 _aApproaching India's Military and Security Policy, with a Detour through Disaster Studies (Page-1), Rulers and Priests : A Study of Cultural Control (Page-25), Issue, Role, and Personality : The Kitchener-Curzon Dispute (Page-46), Subhas Chandra Bose and the Indian National Army (Page-65), The Untouchable Soldier : Caste, Politics, and the Indian Army (Page-85), The Military -- Toward a Great State in Asia? (Page-129), The State Is Dead : Long Live the Armed Ethnic Group (Page-151), Solving Proliferation Problems in a Regional Context : South Asia (Page-160), State Building in Pakistan (Page-188), The Jihadist Threat to Pakistan (Page-220), India and Pakistan (Page-240), Kashmir : The Roads Ahead (Page-254), The Reagan Administration and India : Right for the Right Reasons? (Page-270), The Critical Dimensions of a Possible U.S. Strategic Partnership with India (Page-282),How a Botched U.S. Alliance Fed Pakistan's Crisis (Page-292).
650 7 _aPOLITICAL SCIENCE / Political Freedom & Security / International Security.
_2bisacsh
_92016
650 7 _aPOLITICAL SCIENCE / International Relations / Arms Control.
_2bisacsh
_9104852
651 0 _aSouth Asia
_xPolitics and government.
_91314
651 0 _aSouth Asia
_xForeign relations.
_9104853
651 0 _aSouth Asia
_xStrategic aspects.
_9104854
651 0 _aSouth Asia
_xMilitary policy.
_916610
651 0 _aIndia
_xForeign relations
_zPakistan.
651 0 _aPakistan
_xForeign relations
_zIndia.
651 0 _aSouth Asia
_xForeign relations
_zUnited States.
_9104855
651 0 _aUnited States
_xForeign relations
_zSouth Asia.
_9104856
776 0 8 _iOnline version:
_aCohen, Stephen P., 1936-
_tSouth Asia papers
_dWashington, D.C. : Brookings Institution Press, 2016
_z9780815728344
_w(DLC) 2016010164
942 _2ddc
_cBK
_k307.72,COH
999 _c592686
_d592686